History Quiz

Random History Quiz

AKΨ founding fathers Quiz Stats

 Plays Quiz not verified by Sporcle

Challenge
Share
Tweet
Embed
Score 0/10 Timer 10:00
0 Plays Today
Hint Answer % Correct
1. George L. Bergen
100%
2. Frederic R. Leach
100%
3. Howard M. Jefferson
100%
4. Nathan Lane Jr.
100%
5. Irving L. Camp
100%
10. William O. Tremaine
100%
6. Robert S. Douglas
88.9%
8. Morris S. Rachmil
88.9%
7. Daniel V. Duff
77.8%
9. Herbert M. Wright
66.7%

You're not logged in!

Compare scores with friends on all Sporcle quizzes.
Join for Free
OR
Log In

You Might Also Like...

Show Comments

Extras

Created Feb 23, 2017ReportNominate
Tags:father, founding

Top Quizzes Today


Score Distribution

Your Account Isn't Verified!

In order to create a playlist on Sporcle, you need to verify the email address you used during registration. Go to your Sporcle Settings to finish the process.

Report this User

Report this user for behavior that violates our Community Guidelines.

Details: